Science Quiz

Random Science or Grab Bag Quiz

True or False: Science Quiz Stats

 Plays Quiz Updated Oct 9, 2018

Support Sporcle.
Go Orange.
Score 0/30 Timer 04:00
4 Plays Today
Hint True/ False % Correct
The longest bone in the human body is the femur???
91.1%
Pluto is considered to be a planet in our solar system.???
86.3%
A lightyear is a unit of distance???
85.8%
sin²θ + cos²θ = 1???
81.9%
Earth's atmosphere is mostly Nitrogen???
80.6%
Ammonia is a compound of Nitrogen and Hydrogen???
78.6%
The chemical symbol for Tin is Sn???
77.4%
Arsenic is an element???
75.8%
Uranus is bigger than Saturn???
67.4%
The chemical formula for ethanol is C₂H₅OH???
66.2%
Avogadro's constant is greater than Planck's constant???
63.9%
The aorta is a vein???
63.8%
White Blood Cells have a nucleus???
62.1%
In binary, 101 + 101 = 1010???
58.9%
No chemical symbols begin with 'V'???
58.4%
Hint True/ False % Correct
An alpha particle is identical to a helium nucleus???
58.2%
A monotreme is a mammal which lays eggs???
58%
Brass is an alloy of Copper and Mercury???
56.8%
Centipedes are considered insects???
55.6%
When Hydrogen nuclei fuse, total mass decreases???
55.3%
Joules are a scientific unit of Power???
53.6%
Carbon-14 is a radioactively stable isotope???
52.1%
A muon has negative electric charge???
51.1%
Red is higher frequency light than Blue???
42.4%
Leptons are made up of quarks???
41.9%
Mercury is the hottest planet in the Solar System???
39.7%
Albert Einstein never won a Nobel Prize in Physics???
38.6%
Silver has a higher melting point than Gold???
34.8%
Jupiter was first discovered by Galileo Galilei???
29%
Water has a higher refractive index than glass???
25.1%

You're not logged in!

Compare scores with friends on all Sporcle quizzes.
OR
Log In

From the Vault

The Miranda Warning

by Hejman

Fans of Law & Order might do better on this than others.
Remove Ads.
Support Sporcle.
Get the best of Sporcle when you Go Orange. This ad-free experience offers more features, more stats, and more fun while also helping to support Sporcle. Thank you for becoming a member.

Show Comments

Extras

Top Quizzes Today


Score Distribution

Your Account Isn't Verified!

In order to create a playlist on Sporcle, you need to verify the email address you used during registration. Go to your Sporcle Settings to finish the process.

Report this User

Report this user for behavior that violates our Community Guidelines.

Details: